| 000 | 01022nam a22003377a 4500 | ||
|---|---|---|---|
| 001 | BR0305079 | ||
| 003 | BR-BrBNA | ||
| 005 | 20230928101414.0 | ||
| 007 | ta | ||
| 008 | 230509b bl.||||| |||| 00| 0 por d | ||
| 040 |
_aBR-BrBNA _bpor _cBiblioteca Nacional de Agricultura |
||
| 041 | _a(Por) | ||
| 072 |
_aF30; H20 _b1000 _b4110 |
||
| 090 | _ 1000 BR0305079 | ||
| 100 | 1 | _aSouza, L.C. de A. | |
| 110 | 1 |
_aEscola Superior de Agricultura Luiz de Queiroz, Piracicaba, SP (Brasil) _0Tese (Mestre em Agronomia) |
|
| 245 | 1 | _aProdução e caracterização de mutantes do operon gum de Xylella fastidiosa | |
| 260 | 3 |
_aPiracicaba, SP (Brasil): _c2002. |
|
| 300 | _a79 p. | ||
| 500 | _aSummaries (Eng, Por); Bibliography p. 69-79; 18 illus. | ||
| 650 | _aFRUTA CÍTRICA | ||
| 650 | _aBACTÉRIA PATOGENICA | ||
| 650 | _aCLOROSE | ||
| 650 | _aGENOMA | ||
| 650 | _aMUTAÇÃO | ||
| 650 | _aMUTAGÊNICO | ||
| 650 | _aDOENÇA DE PLANTA | ||
| 650 | _aGENE | ||
| 909 |
_a202309 _bLucia _c55 _dLucia Elande |
||
| 942 | _cBK | ||
| 999 |
_c65666 _d65666 |
||